Conveyancing in the 21st century: an outline of electronic conveyancing and electronic signatures (Record no. 71833)

MARC details
000 -LEADER
fixed length control field 00767cam a2200181 4500
001 - CONTROL NUMBER
control field ABS66290
008 - FIXED-LENGTH DATA ELEMENTS--GENERAL INFORMATION
fixed length control field 021220n2002 000 0 eng u
035 ## - SYSTEM CONTROL NUMBER
System control number (Sirsi) u120857
100 ## - MAIN ENTRY--PERSONAL NAME
Personal name Capps, D
245 ## - TITLE STATEMENT
Title Conveyancing in the 21st century: an outline of electronic conveyancing and electronic signatures
260 ## - PUBLICATION, DISTRIBUTION, ETC.
Date of publication, distribution, etc. 2002
490 ## - SERIES STATEMENT
Series statement The Conveyancer
Volume/sequential designation (66) September/October 2002, 443-455(7)
520 ## - SUMMARY, ETC.
Summary, etc. Overview of the history of conveyancing, with emphasis on the recent developments in electronic conveyancing and electronic signatures. Includes a look at how they work, and how to obtain electronic signatures, their security and future.
590 ## - LOCAL NOTE (RLIN)
Local note ABS
650 ## - SUBJECT ADDED ENTRY--TOPICAL TERM
Topical term or geographic name entry element E-SIGNATURES
690 ## - LOCAL SUBJECT ADDED ENTRY--TOPICAL TERM (OCLC, RLIN)
Topical term or geographic name as entry element PROPERTY AND LAND LAW-CONVEYANCING
942 ## - ADDED ENTRY ELEMENTS (KOHA)
Suppress in OPAC 0
Holdings
Withdrawn status Lost status Source of classification or shelving scheme Damaged status Not for loan Home library Current library Shelving location Date acquired Total Checkouts Full call number Barcode Date last seen Copy number Price effective from Koha item type
    Dewey Decimal Classification     London London Journal article 20/12/2002   ABS66290 120857-1001 06/08/2019 1 06/08/2019 Journal article